| 000 | 01178nam a22003137a 4500 | ||
|---|---|---|---|
| 001 | 9209 | ||
| 003 | FISKH | ||
| 005 | 20251202111224.0 | ||
| 008 | 251202b cb ||||| |||| 00| 0 eng d | ||
| 020 | _a9781423145509 | ||
| 040 |
_aFISKH _beng _cFISKH _dFISKH |
||
| 050 | _aPZ7.V48 S | ||
| 082 | _a741.5 | ||
| 100 | _aRiordan, Rick | ||
| 245 |
_aThe sea of monsters / _cBy Rick Riordan : Adapted by Robert Venditti : Art by Attila Futaki : Color by Tamas Gaspar |
||
| 250 | _aFirst Edition | ||
| 260 |
_aNew York : _bDisney-Hyperion Books , _c2013 . |
||
| 300 |
_a128 unnumbered pages : _bcolor illustrations ; _c23 cm . |
||
| 490 |
_aPercy Jackson & the olympians _vBook 2 |
||
| 520 | _aAfter discovering a secret that makes him question the honor of being the son of Poseidon, demi-god Percy Jackson journeys into the Sea of Monsters in an attempt to save Camp Half-Blood. | ||
| 650 |
_aGraphic novel _vFiction |
||
| 650 |
_aMethodology _vFiction |
||
| 650 |
_aMonsters _vFiction |
||
| 650 |
_aFathers and sons _vFiction |
||
| 650 |
_aPoseidon ( Greeck deity ) _vFiction |
||
| 700 |
_aGaspar, Tamas _eIllustrator |
||
| 942 |
_2ddc _cBK _n0 |
||
| 999 |
_c9209 _d9209 |
||